000 00903cad a22001935a 4500
001 E153234
008 110627s2011 xxk f s000 0 eng d
035 _a(Sirsi) u153234
041 0 _aeng
110 2 _aScotland
_bScottish Government
_95344
245 0 0 _aScotland Bill
_bCrown Estate
_h[electronic resource]
260 _a[Edinburgh]
_bScottish Government
_c2011
520 _aArgues that the Crown Estate's powers to administer certain resources in Scotland should be devolved to the Scottish Government. Suggests that this would allow the Scottish Government to maximise benefits from Scotland's marine resources.
590 _aKA
651 4 _aScotland
_y1999-
690 _aPROPERTY-RURAL AND NATURAL ASSETS-MARINE RESOURCES-MARINE RESOURCE MANAGEMENT
856 4 0 _uhttps://www.scotland.gov.uk/Publications/2011/06/22142758/0
_zView the item free of charge at www.scotland.gov.uk
942 _n0
999 _c112427
_d112427